00262nam a2200109Ia 4500008004400000041000800044082001300052100001600065245003500081260002500116300001100141240112s1966-67 xx 000 0 und d aeng a616.3403 aSCHWARTZ T. aTHE YEAR BOOK OF ENDOCRINOLOGY bTHE Y/B PUBc1966-67 a396,HB